000 00377 a2200169 4500
001 190161
020 _a978-85-08-11697-3
040 _cMagnum
100 _aBrezina, Thomas
240 1 0 _aA noite dos ninjas
_lpor
245 1 0 _aA noite dos ninjas
300 _a87
362 0 _a2008
440 1 _aÁtica
697 _aLITERATURA INFANTO-JUVENIL ESTRANGEIRA
942 _cBK
999 _c190161
_d190161